| 000 -LEADER |
| fixed length control field |
01043pab a2200181 454500 |
| 008 - FIXED-LENGTH DATA ELEMENTS--GENERAL INFORMATION |
| fixed length control field |
180718b2011 xxu||||| |||| 00| 0 eng d |
| 100 ## - MAIN ENTRY--PERSONAL NAME |
| Personal name |
Dutta, Sujit K. |
| 245 ## - TITLE STATEMENT |
| Title |
Ethnic communities and non-traditional land uses in the north Cachar hills of Assam: A critical study |
| 260 ## - PUBLICATION, DISTRIBUTION, ETC. |
| Date of publication, distribution, etc. |
2011 |
| 300 ## - PHYSICAL DESCRIPTION |
| Extent |
p.340-349. |
| 362 ## - DATES OF PUBLICATION AND/OR SEQUENTIAL DESIGNATION |
| Dates of publication and/or sequential designation |
Apr-Jun |
| 520 ## - SUMMARY, ETC. |
| Summary, etc. |
North Cachar Hills is the only hill district of Assam with its headquarters at Haflong having an area of 4888 sq.km. and 581 villages. The district has been functioning with its full authority by forming an Autonomous Council. Traditional slash and burn agriculture (locally referred as `jhum') is the predominant land use in uplands. This study was undertaken to understand cropping patterns, marketing system and relationships between landholding size and productivity in selected villages of North Cachar Hills district of Assam. - Reproduced. |
| 650 ## - SUBJECT ADDED ENTRY--TOPICAL TERM |
| Topical term or geographic name entry element |
Ethnic groups |
| 650 ## - SUBJECT ADDED ENTRY--TOPICAL TERM |
| Topical term or geographic name entry element |
Land use |
| 773 ## - HOST ITEM ENTRY |
| Main entry heading |
Indian Journal of Public Administration |
| 908 ## - PUT COMMAND PARAMETER (RLIN) |
| Put command parameter |
N |
| 909 ## - |
| -- |
92631 |